| 000 | 00481nab a2200145Ia 4500 | ||
|---|---|---|---|
| 003 | ES-SlBCS | ||
| 005 | 20210601132848.0 | ||
| 008 | 140529s1957 xxu||||| |||| 00| 0 ita d | ||
| 041 | _aita | ||
| 100 | 1 |
_aArcidiacono, Vincenzo _9193021 |
|
| 245 | 0 | 0 |
_aAlla ricerca di una teoria unitaria della fisica e della biologia _c Vincenzo Arcidiacono |
| 650 | 0 | 4 |
_aFísica-Biología _9199606 |
| 773 | 0 |
_tGiornali di Metafisica _gvol. 12, nº. 6, 1957, págs. 708-728 _w0017-0372 |
|
| 942 | _cAR | ||
| 999 |
_c586816 _d586816 |
||